| 000 | 00443pab a2200181 454500 | ||
|---|---|---|---|
| 008 | 180718b2008 xxu||||| |||| 00| 0 eng d | ||
| 100 | _aRaj, J. Felix | ||
| 245 | _aSEZs: broken promises in West Bengal | ||
| 260 | _c2008 | ||
| 300 | _ap.283-90. | ||
| 362 | _aJul-Sep | ||
| 650 | _aEconomic zones - India - West Bengal | ||
| 650 | _aEconomic zones | ||
| 700 | _aRoy, Samrat | ||
| 773 | _aSocial Action | ||
| 908 | _aN | ||
| 909 | _a78996 | ||
| 999 |
_c78996 _d78996 |
||